Financial and asset management course : 21 - 24 April 2003

Bibliographic Details
Format: Book
Subjects:
Online Access:http://app.inspen.gov.my/mylibrary/nota/2004/BJ.pdf

MARC

LEADER 00000cam a2200000 7i4500
001 0000025879
005 20150408.0
040 |a INS 
090 0 0 |a M97 
245 0 0 |a Financial and asset management course :   |b 21 - 24 April 2003 
650 0 0 |a Jabatan Penilaian dan Perkhidmatan Harta 
856 |u http://app.inspen.gov.my/mylibrary/nota/2004/BJ.pdf 
999 |a M000000134   |b BOOK   |c Course Notes   |e Default branch